Infinite Groups: Geometric, Combinatorial and Dynamical Aspects

This book offers a panorama of recent advances in the theory of infinite groups. It contains survey papers contributed by leading specialists in group theory and other areas of mathematics. Topics addressed in the book include amenable groups, Kaehler groups, automorphism groups of rooted trees, rig...

Full description

Bibliographic Details
Corporate Author: SpringerLink (Online service)
Other Authors: Bartholdi, Laurent (Editor), Ceccherini-Silberstein, Tullio (Editor), Smirnova-Nagnibeda, Tatiana (Editor), Zuk, Andrzej (Editor)
Format: Electronic eBook
Language:English
Published: Basel : Birkhäuser Basel, 2005.
Series:Progress in Mathematics ; 248
Subjects:
Online Access:Full Text via HEAL-Link
LEADER 03421nam a22006015i 4500
001 978-3-7643-7447-1
003 DE-He213
005 20151204165642.0
007 cr nn 008mamaa
008 100301s2005 sz | s |||| 0|eng d
020 |a 9783764374471  |9 978-3-7643-7447-1 
024 7 |a 10.1007/3-7643-7447-0  |2 doi 
040 |d GrThAP 
050 4 |a QA174-183 
072 7 |a PBG  |2 bicssc 
072 7 |a MAT002010  |2 bisacsh 
082 0 4 |a 512.2  |2 23 
245 1 0 |a Infinite Groups: Geometric, Combinatorial and Dynamical Aspects  |h [electronic resource] /  |c edited by Laurent Bartholdi, Tullio Ceccherini-Silberstein, Tatiana Smirnova-Nagnibeda, Andrzej Zuk. 
264 1 |a Basel :  |b Birkhäuser Basel,  |c 2005. 
300 |a VIII, 416 p.  |b online resource. 
336 |a text  |b txt  |2 rdacontent 
337 |a computer  |b c  |2 rdamedia 
338 |a online resource  |b cr  |2 rdacarrier 
347 |a text file  |b PDF  |2 rda 
490 1 |a Progress in Mathematics ;  |v 248 
505 0 |a Parafree Groups -- The Finitary Andrews-Curtis Conjecture -- Cuts in Kähler Groups -- Algebraic Mapping-Class Groups of Orientable Surfaces with Boundaries -- Solved and Unsolved Problems Around One Group -- Cubature Formulas, Geometrical Designs, Reproducing Kernels, and Markov Operators -- Survey on Classifying Spaces for Families of Subgroups -- Are Unitarizable Groups Amenable? -- Probabilistic Group Theory and Fuchsian Groups -- Just Non-(abelian by P-type) Groups -- Infinite Algebras and Pro-p Groups. 
520 |a This book offers a panorama of recent advances in the theory of infinite groups. It contains survey papers contributed by leading specialists in group theory and other areas of mathematics. Topics addressed in the book include amenable groups, Kaehler groups, automorphism groups of rooted trees, rigidity, C*-algebras, random walks on groups, pro-p groups, Burnside groups, parafree groups, and Fuchsian groups. The accent is put on strong connections between group theory and other areas of mathematics, such as dynamical systems, geometry, operator algebras, probability theory, and others. This interdisciplinary approach makes the book interesting to a large mathematical audience. Contributors: G. Baumslag A.V. Borovik T. Delzant W. Dicks E. Formanek R. Grigorchuk M. Gromov P. de la Harpe A. Lubotzky W. Lück A.G. Myasnikov C. Pache G. Pisier A. Shalev S. Sidki E. Zelmanov. 
650 0 |a Mathematics. 
650 0 |a Group theory. 
650 0 |a Topological groups. 
650 0 |a Lie groups. 
650 0 |a Operator theory. 
650 0 |a Differential geometry. 
650 0 |a Algebraic topology. 
650 0 |a Combinatorics. 
650 1 4 |a Mathematics. 
650 2 4 |a Group Theory and Generalizations. 
650 2 4 |a Topological Groups, Lie Groups. 
650 2 4 |a Combinatorics. 
650 2 4 |a Operator Theory. 
650 2 4 |a Differential Geometry. 
650 2 4 |a Algebraic Topology. 
700 1 |a Bartholdi, Laurent.  |e editor. 
700 1 |a Ceccherini-Silberstein, Tullio.  |e editor. 
700 1 |a Smirnova-Nagnibeda, Tatiana.  |e editor. 
700 1 |a Zuk, Andrzej.  |e editor. 
710 2 |a SpringerLink (Online service) 
773 0 |t Springer eBooks 
776 0 8 |i Printed edition:  |z 9783764374464 
830 0 |a Progress in Mathematics ;  |v 248 
856 4 0 |u http://dx.doi.org/10.1007/3-7643-7447-0  |z Full Text via HEAL-Link 
912 |a ZDB-2-SMA 
950 |a Mathematics and Statistics (Springer-11649)